National Parks In Utah - Statistics

General Stats
  • This quiz has been taken 11 times
    7 since last reset
  • The average score is 11 of 15
Answer Stats
Type Answer % Correct
NP Arches
100%
NP Bryce Canyon
100%
NP Canyonlands
100%
NP Capitol Reef
100%
NP Zion
100%
NM Cedar Breaks
80%
NM Grand Staircase
80%
NM Natural Bridges
80%
NM Bears Ears
60%
NM Dinosaur
60%
NM Hovenweep
60%
NHP Golden Spike
40%
NM Rainbow Bridge
40%
NM Timpanogos Cave
40%
NRA Glen Canyon
20%
No matching quizzes found
Score Distribution
Percent of People with Each Score
Percentile by Number Answered
Your Score History
You have not taken this quiz since the last reset